| 000 | 00596nam a2200205 a 4500 | ||
|---|---|---|---|
| 005 | 20140310183344.0 | ||
| 008 | 030909s19uu xx 00 eng d | ||
| 020 | _a0072965037 | ||
| 050 |
_aBF 121 _b.F34 2005 |
||
| 100 | _aFeldman, Robert S. | ||
| 245 |
_aEssentials of understanding psychology / _cRobert S. Feldman. |
||
| 250 | _a5th ed. | ||
| 260 |
_aBoston : _bMcGraw-Hill, _c2005. |
||
| 300 |
_axxxiv, 468 p. : _bill. col. ; _c28 cm. |
||
| 500 | _aIncludes bibliographical references and index | ||
| 521 | _aPSYCH | ||
| 650 | _aPsychology | ||
| 942 |
_cBK _2lcc _kFOR |
||
| 999 |
_c21890 _d21890 |
||